000 02127nam a2200361 i 4500
003 DO-SdBNP
005 20260310131548.0
007 ta
008 240703s2008 mx 000 0 spa d
020 _a9789681686338
040 _aDO-SdBNP
_bspa
_cBNPHU
_erda
041 _aspa
082 4 _a320.972
_bB328g
_222
100 1 _aBataillon, Gilles,
_eautor
_4aut.
_985941
240 _aGenése des guerres internes en Amérique Centrale (1960-1983) /
245 1 0 _aGénesis de las guerras intestinas en América Central (1960-1983) /
_cGilles Bataillon ; traducción Jorge Alaniz Pinell.
264 1 _aMéxico :
_bFCE,
_c2003.
300 _a612 páginas ;
_c21 cm.
336 _atexto
_btxt
_2rdacontent
337 _asin mediación
_bn
_2rdamedia
338 _avolumen
_bnc
_2rdacarrier
490 1 _aSección de obras de historia
500 _aIncluye índice onomástico.
504 _aBibliografía : páginas 509-571
520 _aLa obra indaga en la guerra civil y las otras confrontaciones armadas que estallaron en América Central a fines de los años setenta: imponiéndose una doble tarea: situar el análisis de las causas y del sesgo de esas conflagraciones en el complejo entramado socio histórico de Guatemala, El Salvador y Nicaragua; e impugnar los estereotipos que siguen lastrando el estudio de esas sociedades. Por ejemplo, la etiqueta ya secular de "repúblicas bananeras", que no es la expresión de algún concepto fruto de la historiografía o de la sociología; sino el correlato verbal de los prejuicios que han suplantado la realidad de Centro América, y que continúan deformando su percepción. El ensayo es una reflexión en torno a las actitudes -perplejidad y entusiasmo a la vez - de los países de esa región ante el embate de la modernización, desde el ángulo de sus guerras internas.
590 _aInventariado, 2024/ YL
650 4 _aNacionalismo
_xHistoria
_zAmérica
_910966
650 4 _aHistoria comparada
_985943
700 1 _aAlaniz Pinell, Jorge,
_etraductor
_4tr.
_985944
710 2 _aFondo de Cultura Económica
_99178
910 _aYLockward
942 _2ddc
_cLBS1
999 _c57138
_d57138